[Event "Wch U12 Girls"]
[Site "Batumi"]
[Date "2016.10.27"]
[Round "8"]
[White "Kochinyan, Hasmik"]
[Black "Mikhailina, Elena"]
[Result "0-1"]
[WhiteElo "1292"]
[BlackElo "1573"]
[PlyCount "70"]
[EventDate "2016.10.19"]
[EventType "swiss"]
[EventRounds "11"]
[EventCountry "GEO"]
[SourceTitle "EXT 2018"]
[Source "ChessBase"]
[SourceDate "2017.10.13"]
[SourceVersion "1"]
[SourceVersionDate "2017.10.13"]
[SourceQuality "1"]

1. d4 d5 2. Nf3 Nf6 3. e3 g6 4. Bd3 c5 5. b3 Bg7 6. Bb2 Nc6 7. 0-0 0-0 8. c4 cxd4 9. Nxd4 Ne5 10. Be2 dxc4 11. bxc4 Bd7 12. Nd2 Rc8 13. Qb3 Nc6 14. Rfd1 Qc7 15. Rac1 Ng4 16. Bxg4 Bxg4 17. N4f3 Bxb2 18. Qxb2 Rfd8 19. h3 Bd7 20. c5 Be6 21. Ng5 Bd7 22. Qb3 Be8 23. Rb1 Na5 24. Qc3 Qxc5 25. Qxc5 Rxc5 26. Nde4 Rcd5 27. Rxd5 Rxd5 28. Nf3 Rb5 29. Rxb5 Bxb5 30. Nd4 Bc4 31. a3 Nb3 32. Nf3 Bd5 33. Nfd2 Nxd2 34. Nxd2 Kf8 35. e4 Be6 0-1